[Event "Titled Tuesday intern op 7th April"]
[Site "Chess.com INT"]
[Date "2020.04.07"]
[Round "8"]
[White "Selkirk, Rebecca"]
[Black "Lei, Sean"]
[Result "1-0"]
[WhiteElo "1799"]
[BlackElo "1895"]
[PlyCount "61"]
[EventDate "2020.04.07"]
[EventType "swiss (blitz)"]
[EventRounds "10"]
[EventCountry "USA"]
[SourceTitle "EXT 2021"]
[Source "ChessBase"]
[SourceDate "2020.10.23"]
[SourceVersion "1"]
[SourceVersionDate "2020.10.23"]
[SourceQuality "1"]

1. e4 c5 2. Nf3 d6 3. d4 cxd4 4. Nxd4 Nf6 5. Nc3 a6 6. Bg5 e6 7. f4 Qb6 8. Nb3 Nbd7 9. Qf3 Be7 10. 0-0-0 Qc7 11. Bd3 b5 12. Rhe1 Bb7 13. Qe2 b4 14. Nd5 Nxd5 15. exd5 Bxd5 16. Bxe7 Kxe7 17. f5 Ne5 18. Be4 Bxe4 19. Qxe4 a5 20. Qh4+ Kd7 21. Rxe5 Rhc8 22. fxe6+ fxe6 23. Nc5+ Ke8 24. Rxe6+ Kf7 25. Qf4+ Kg8 26. Qc4 Kh8 27. Rde1 dxc5 28. Qe4 h6 29. Qg6 Qd7 30. Re7 Rc6 31. Qxg7# 1-0

[Event "Titled Tuesday intern op1 4th Febr"]
[Site "Chess.com INT"]
[Date "2020.02.04"]
[Round "4"]
[White "Lei, Sean"]
[Black "Burke, Paul"]
[Result "0-1"]
[WhiteElo "1895"]
[BlackElo "1815"]
[PlyCount "42"]
[EventDate "2020.02.04"]
[EventType "swiss (blitz)"]
[EventRounds "10"]
[EventCountry "USA"]
[SourceTitle "EXT 2021"]
[Source "ChessBase"]
[SourceDate "2020.10.23"]
[SourceVersion "1"]
[SourceVersionDate "2020.10.23"]
[SourceQuality "1"]

1. e4 e5 2. Nf3 Nc6 3. Bc4 g6 4. 0-0 Bg7 5. c3 Nge7 6. d4 exd4 7. cxd4 d6 8. Nc3 0-0 9. h3 h6 10. Be3 Kh7 11. Rc1 f5 12. exf5 Nxf5 13. Qd2 Nh4 14. Nxh4 Qxh4 15. Rcd1 Bxh3 16. gxh3 Qxh3 17. Bd5 Rf5 18. Bg2 Qh4 19. Ne4 Rh5 20. Bf4 Nxd4 21. Ng3 Qh2# 0-1

[Event "Titled Tuesday intern op 3rd Jan"]
[Site "Chess.com INT"]
[Date "2019.12.03"]
[Round "7"]
[White "Lei, Sean"]
[Black "Grabinsky, Joshua"]
[Result "1-0"]
[WhiteElo "1895"]
[BlackElo "2182"]
[PlyCount "67"]
[EventDate "2019.12.03"]
[EventType "swiss (blitz)"]
[EventRounds "10"]
[EventCountry "USA"]
[SourceTitle "EXT 2021"]
[Source "ChessBase"]
[SourceDate "2020.10.23"]
[SourceVersion "1"]
[SourceVersionDate "2020.10.23"]
[SourceQuality "1"]

1. e4 e6 2. d4 d5 3. exd5 exd5 4. Nf3 Bg4 5. h3 Bh5 6. Bd3 Nf6 7. Nbd2 c5 8. dxc5 Nc6 9. Nf1 Bxc5 10. Ng3 Bg6 11. Bxg6 hxg6 12. c3 Qb6 13. 0-0 0-0-0 14. b4 Bd6 15. Ne2 Ne4 16. Qc2 Rh5 17. Bf4 f6 18. Bxd6 Rxd6 19. a3 g5 20. c4 g4 21. hxg4 Rh1+ 22. Kxh1 Nxf2+ 23. Rxf2 Qxf2 24. Qf5+ Kb8 25. Neg1 d4 26. Nh3 Qb2 27. Re1 d3 28. Qf4 Kc7 29. c5 d2 30. Qxd6+ Kc8 31. Qxd2 Qb3 32. Qd6 Qb2 33. Re8+ Nd8 34. Rxd8# 1-0

[Event "Titled Tuesday intern op 3rd Jan"]
[Site "Chess.com INT"]
[Date "2019.12.03"]
[Round "8"]
[White "Steindl, Johannes"]
[Black "Lei, Sean"]
[Result "1-0"]
[WhiteElo "2275"]
[BlackElo "1895"]
[PlyCount "67"]
[EventDate "2019.12.03"]
[EventType "swiss (blitz)"]
[EventRounds "10"]
[EventCountry "USA"]
[SourceTitle "EXT 2021"]
[Source "ChessBase"]
[SourceDate "2020.10.23"]
[SourceVersion "1"]
[SourceVersionDate "2020.10.23"]
[SourceQuality "1"]

1. e4 c6 2. d4 d5 3. f3 dxe4 4. fxe4 e5 5. Nf3 exd4 6. Bc4 b5 7. Bb3 c5 8. Bd5 Nd7 9. Ng5 Rb8 10. Bxf7+ Ke7 11. 0-0 Ngf6 12. Bf4 Rb6 13. e5 h6 14. exf6+ gxf6 15. Re1+ Ne5 16. Bxe5 fxe5 17. Rxe5+ Kd6 18. Rd5+ Kc7 19. Rxd8 Kxd8 20. Ne6+ Ke7 21. Nxf8 Kxf7 22. Qf3+ Rf6 23. Qd5+ Kxf8 24. Nd2 Kg7 25. Nf3 Rhf8 26. Re1 R8f7 27. Re8 Bb7 28. Qd8 Rf8 29. Qc7+ R8f7 30. Qb8 Be4 31. Rg8+ Kh7 32. Rh8+ Kg6 33. Qg8+ Kh5 34. g4# 1-0

[Event "Tianjin Prestigious Univ-ch"]
[Site "Tianjin"]
[Date "2019.11.28"]
[Round "7"]
[White "Lei, Sean"]
[Black "Chandra, Akshat"]
[Result "0-1"]
[WhiteElo "1895"]
[BlackElo "2524"]
[PlyCount "84"]
[EventDate "2019.11.26"]
[EventType "team-tourn"]
[EventRounds "11"]
[EventCountry "CHN"]
[SourceTitle "CBM 193 Extra"]
[Source "ChessBase"]
[SourceDate "2020.01.31"]
[SourceVersion "1"]
[SourceVersionDate "2020.01.31"]
[SourceQuality "1"]

1. e4 c5 2. Nf3 d6 3. c3 Nf6 4. Be2 Bd7 5. d3 Bc6 6. 0-0 Nbd7 7. Re1 g6 8. Bf1 Bg7 9. Nbd2 0-0 10. d4 e6 11. b3 b5 12. Bb2 a5 13. a3 Qb8 14. Qb1 Rc8 15. Bd3 a4 16. b4 Nb6 17. Nf1 cxb4 18. cxb4 d5 19. e5 Ne4 20. Ng3 Qb7 21. Bxe4 dxe4 22. Nxe4 Bxe4 23. Rxe4 Rc7 24. Re1 Rac8 25. Rc1 Bh6 26. Rxc7 Qxc7 27. Qd3 Qc2 28. Qxc2 Rxc2 29. Rb1 Nc4 30. Ba1 Nxa3 31. Rd1 Rc4 32. g3 Nc2 33. Kf1 a3 34. Ne1 Nxe1 35. Kxe1 Rc2 36. h4 Bf8 37. Kf1 Bxb4 38. Kg2 Bd2 39. Kf3 b4 40. Rb1 Rc1 41. Rxc1 Bxc1 42. Ke2 Bb2 0-1

[Event "Tianjin Prestigious Univ-ch"]
[Site "Tianjin"]
[Date "2019.11.26"]
[Round "2"]
[White "Tarasov, Alexandr"]
[Black "Lei, Sean"]
[Result "1/2-1/2"]
[WhiteElo "2348"]
[BlackElo "1895"]
[PlyCount "96"]
[EventDate "2019.11.26"]
[EventType "team-tourn"]
[EventRounds "11"]
[EventCountry "CHN"]
[SourceTitle "CBM 193 Extra"]
[Source "ChessBase"]
[SourceDate "2020.01.31"]
[SourceVersion "1"]
[SourceVersionDate "2020.01.31"]
[SourceQuality "1"]

1. d4 Nf6 2. g3 d6 3. Bg2 Nbd7 4. e4 e5 5. Ne2 c6 6. 0-0 Be7 7. c4 0-0 8. Nbc3 b6 9. h3 Qc7 10. f4 Re8 11. g4 exd4 12. Nxd4 Nc5 13. e5 dxe5 14. fxe5 Nfd7 15. Nxc6 Bb7 16. Nd5 Qxc6 17. Nxe7+ Rxe7 18. Bxc6 Bxc6 19. b4 Ne4 20. Bb2 Nf8 21. Qd4 Rd7 22. Qe3 Rad8 23. Rf4 Ng5 24. h4 Rd3 25. Qxd3 Rxd3 26. hxg5 Ne6 27. Rf2 Nxg5 28. Re2 Rg3+ 29. Kf2 Rxg4 30. Rd1 h5 31. Rd4 Rg2+ 32. Kf1 Rg3 33. c5 Bb5 34. Bc1 Bxe2+ 35. Kxe2 bxc5 36. Rd8+ Kh7 37. bxc5 Ne6 38. Rd7 Rg2+ 39. Kf3 Rc2 40. Be3 Rxa2 41. Rxf7 Ra6 42. Re7 h4 43. Kg4 Rc6 44. Kxh4 Nxc5 45. Rxa7 Nd3 46. Re7 Kg6 47. e6 Nc5 48. Bxc5 Rxc5 1/2-1/2

[Event "Ivy League Challenge"]
[Site "Toronto"]
[Date "2018.11.10"]
[Round "4.1"]
[White "Heimann, Mark A"]
[Black "Lei, Sean"]
[Result "1-0"]
[WhiteElo "2368"]
[BlackElo "1876"]
[PlyCount "95"]
[EventDate "2018.11.09"]
[EventType "team-tourn"]
[EventRounds "5"]
[EventCountry "CAN"]
[SourceTitle "CBM 187 Extra"]
[Source "ChessBase"]
[SourceDate "2018.11.04"]
[SourceVersion "1"]
[SourceVersionDate "2018.11.04"]
[SourceQuality "1"]
[WhiteTeam "Michigan Univ"]
[BlackTeam "Toronto Univ"]
[WhiteTeamCountry "USA"]
[BlackTeamCountry "CAN"]

1. e4 d6 2. d4 Nf6 3. Nc3 Nbd7 4. Nf3 e5 5. Bc4 Be7 6. 0-0 0-0 7. Re1 c6 8. a4 b6 9. d5 cxd5 10. Bxd5 Nxd5 11. Nxd5 Nf6 12. Nxf6+ Bxf6 13. Ra3 Bg4 14. h3 Bxf3 15. Rxf3 Bg5 16. Bxg5 Qxg5 17. Rd3 Rfd8 18. Rxd6 Rxd6 19. Qxd6 Rd8 20. Qc7 Qd2 21. Re3 f6 22. Rg3 Qd7 23. Qc4+ Qf7 24. Qc6 Kf8 25. Rd3 Rxd3 26. cxd3 Qb3 27. Qa8+ Kf7 28. Qxa7+ Kg6 29. Qd7 Qxb2 30. g3 h6 31. Kg2 Qc2 32. Qb5 Kh7 33. h4 h5 34. Qe8 Qd1 35. Qd7 Kh6 36. Qb5 Qc2 37. Qxb6 Qxa4 38. Qe3+ Kg6 39. Qe2 Kh6 40. f4 Qd4 41. Qd2 Kh7 42. fxe5 fxe5 43. Qg5 Qb2+ 44. Kf3 g6 45. Qe7+ Kh6 46. Qf8+ Kh7 47. Qf7+ Kh6 48. Qg8 1-0

[Event "Scarborough CC Winter Swiss"]
[Site "Toronto"]
[Date "2018.03.29"]
[Round "6.2"]
[White "Lei, Sean"]
[Black "Palacios, Bobby"]
[Result "1-0"]
[WhiteElo "2121"]
[BlackElo "2046"]
[PlyCount "103"]
[EventDate "2018.02.22"]
[EventType "swiss"]
[EventRounds "6"]
[EventCountry "CAN"]
[SourceTitle "EXT 2022"]
[Source "ChessBase"]
[SourceDate "2021.10.06"]
[SourceVersion "1"]
[SourceVersionDate "2021.10.06"]
[SourceQuality "1"]

1. e4 e5 2. Nf3 Nf6 3. Nxe5 d6 4. Nf3 Nxe4 5. d4 d5 6. Bd3 Nc6 7. 0-0 Be7 8. Nbd2 Nxd2 9. Bxd2 0-0 10. h3 Bf6 11. c3 Ne7 12. Qc2 g6 13. Bg5 Bxg5 14. Nxg5 Nf5 15. Nf3 Nh4 16. Nxh4 Qxh4 17. Rae1 Qg5 18. f4 Qg3 19. Re5 f6 20. Rf3 Qxf3 21. gxf3 fxe5 22. Bxg6 e4 23. Bh5 Bf5 24. Qb3 Rad8 25. Qxb7 e3 26. Qb5 Rd7 27. Kf1 Bxh3+ 28. Ke2 Rxf4 29. Kxe3 Rf6 30. Qb8+ Kg7 31. Qxa7 Re7+ 32. Kd2 Rfe6 33. f4 Bf5 34. Qc5 c6 35. c4 Re3 36. b3 Rd3+ 37. Kc1 Re1+ 38. Kb2 Rd2+ 39. Ka3 Bb1 40. cxd5 Rxa2+ 41. Kb4 cxd5 42. Qxd5 Bg6 43. Bg4 Re3 44. Qd7+ Bf7 45. d5 Rb2 46. Be6 Rbxb3+ 47. Kc5 Rec3+ 48. Kd4 Rd3+ 49. Ke4 Kh6 50. Bxf7 Re3+ 51. Kf5 Rbd3 52. Qd6+ 1-0

[Event "Scarborough CC Jack Frost"]
[Site "Toronto"]
[Date "2018.02.15"]
[Round "6.1"]
[White "Lei, Sean"]
[Black "Southam, David"]
[Result "0-1"]
[WhiteElo "2125"]
[BlackElo "2158"]
[PlyCount "115"]
[EventDate "2018.01.11"]
[EventType "swiss"]
[EventRounds "6"]
[EventCountry "CAN"]
[SourceTitle "EXT 2022"]
[Source "ChessBase"]
[SourceDate "2021.10.06"]
[SourceVersion "1"]
[SourceVersionDate "2021.10.06"]
[SourceQuality "1"]

1. a3 g6 2. Nf3 Bg7 3. e4 c6 4. Be2 d5 5. d3 e5 6. Nbd2 Ne7 7. c3 h6 8. b4 Be6 9. Bb2 0-0 10. d4 Nd7 11. 0-0 dxe4 12. Nxe4 f5 13. Nc5 Nxc5 14. dxc5 e4 15. Nd4 Bf7 16. Qd2 Nd5 17. Bc4 Qg5 18. Qxg5 hxg5 19. Rfe1 Nf4 20. Bf1 Bxd4 21. cxd4 Bd5 22. Rad1 Rfe8 23. g3 Nd3 24. Bxd3 exd3 25. Re3 Rxe3 26. fxe3 Be4 27. Bc3 Kf7 28. Bd2 Ke6 29. Rc1 Kd5 30. Be1 Rh8 31. a4 g4 32. b5 a6 33. b6 Bf3 34. Bd2 Ke4 35. Rc4 Kd5 36. Rc3 Be2 37. Rc1 g5 38. a5 Rd8 39. Kf2 Rh8 40. Kg1 Bf3 41. Rc3 Be4 42. Ra3 Rh7 43. Ra4 Bf3 44. Rb4 Bd1 45. Rb1 Bc2 46. Rf1 Rf7 47. Kg2 Ke4 48. Re1 Bb3 49. Kg1 Kf3 50. Bc1 Ke4 51. Bd2 Bd5 52. Bc3 Kf3 53. Bd2 Be4 54. Bc1 Rh7 55. Bd2 Bd5 56. Bc1 Re7 57. Rf1+ Ke2 58. Rxf5 0-1

[Event "Scarborough CC Jack Frost"]
[Site "Toronto"]
[Date "2018.01.11"]
[Round "1.2"]
[White "Hay, Jonathan"]
[Black "Lei, Sean"]
[Result "0-1"]
[WhiteElo "1944"]
[BlackElo "2126"]
[PlyCount "84"]
[EventDate "2018.01.11"]
[EventType "swiss"]
[EventRounds "6"]
[EventCountry "CAN"]
[SourceTitle "EXT 2022"]
[Source "ChessBase"]
[SourceDate "2021.10.06"]
[SourceVersion "1"]
[SourceVersionDate "2021.10.06"]
[SourceQuality "1"]

1. d4 Nf6 2. Bf4 d6 3. Nc3 Nbd7 4. Nf3 g6 5. e4 Bg7 6. Qd2 c5 7. Bh6 Bxh6 8. Qxh6 a6 9. 0-0-0 cxd4 10. Nxd4 b5 11. f4 Qc7 12. Be2 Bb7 13. Bf3 0-0-0 14. Rhe1 Kb8 15. Qh4 Rhe8 16. Re2 e5 17. Nb3 b4 18. Nd5 Bxd5 19. exd5 e4 20. Bg4 Nxg4 21. Qxg4 f5 22. Qh4 Nc5 23. Nd4 Ka8 24. Qe1 a5 25. Kb1 Rb8 26. c3 Rec8 27. Nc6 Rb7 28. c4 Nd3 29. Qd2 Qb6 30. g3 Qc5 31. Qe3 Qxc4 32. Nxa5 Qxd5 33. Nxb7 Kxb7 34. Red2 b3 35. a3 Qc4 36. Rxd3 exd3 37. Rc1 Qe4 38. Qd2 Rc2 39. Qb4+ Qxb4 40. axb4 d2 41. Rd1 Kb6 42. Rh1 Kb5 0-1

[Event "Scarborough CC Howard Ridout"]
[Site "Toronto"]
[Date "2017.09.21"]
[Round "2.9"]
[White "Sivapathasundaram, Manojh"]
[Black "Lei, Sean"]
[Result "1/2-1/2"]
[WhiteElo "1837"]
[BlackElo "2117"]
[PlyCount "39"]
[EventDate "2017.09.14"]
[EventType "swiss"]
[EventRounds "7"]
[EventCountry "CAN"]
[SourceTitle "EXT 2022"]
[Source "ChessBase"]
[SourceDate "2021.10.06"]
[SourceVersion "1"]
[SourceVersionDate "2021.10.06"]
[SourceQuality "1"]

1. d4 Nf6 2. c4 e5 3. dxe5 Ng4 4. Nc3 Bc5 5. e3 Nxe5 6. Nf3 Nbc6 7. Be2 0-0 8. 0-0 Nxf3+ 9. Bxf3 Ne5 10. Be2 d6 11. Na4 Bf5 12. Nxc5 dxc5 13. b3 Qe7 14. Bb2 Rad8 15. Qc1 Nd3 16. Qc3 Nxb2 17. Qxb2 Rd6 18. Rad1 Rg6 19. Bf3 Be4 20. Qe2 1/2-1/2

[Event "CAN-ch U16"]
[Site "Windsor"]
[Date "2016.07.07"]
[Round "4.13"]
[White "Lei, Sean"]
[Black "Kilroy, Evan"]
[Result "1-0"]
[WhiteElo "2180"]
[BlackElo "1430"]
[PlyCount "51"]
[EventDate "2016.07.05"]
[EventType "swiss"]
[EventRounds "7"]
[EventCountry "CAN"]
[SourceTitle "EXT 2022"]
[Source "ChessBase"]
[SourceDate "2021.10.06"]
[SourceVersion "1"]
[SourceVersionDate "2021.10.06"]
[SourceQuality "1"]

1. e4 e5 2. Nf3 Nc6 3. d4 exd4 4. Bc4 Be7 5. c3 Nf6 6. e5 Ne4 7. cxd4 d5 8. Bb3 Bg4 9. a3 Bg5 10. Nc3 Ne7 11. h3 Bxc1 12. Rxc1 Bh5 13. Qd3 Nxc3 14. Rxc3 0-0 15. 0-0 f6 16. exf6 Rxf6 17. Ne5 Ng6 18. Bc2 Kf8 19. g4 Nxe5 20. dxe5 Rg6 21. Qf5+ Kg8 22. Qxh5 Rh6 23. Qf5 Qh4 24. Rf3 g6 25. Qf7+ Kh8 26. e6 1-0

[Event "Aurora Fall op"]
[Site "Aurora "]
[Date "2015.10.03"]
[Round "3.4"]
[White "Hua, Eugene"]
[Black "Lei, Sean"]
[Result "1/2-1/2"]
[WhiteElo "2221"]
[BlackElo "2232"]
[PlyCount "42"]
[EventDate "2015.10.03"]
[EventType "swiss"]
[EventRounds "5"]
[EventCountry "CAN"]
[SourceTitle "EXT 2019"]
[Source "ChessBase"]
[SourceDate "2018.10.10"]
[SourceVersion "1"]
[SourceVersionDate "2018.10.10"]
[SourceQuality "1"]

1. c4 Nf6 2. g3 c6 3. Bg2 d5 4. Nf3 e6 5. b3 Be7 6. Bb2 Nbd7 7. d3 b6 8. Nbd2 Bb7 9. 0-0 0-0 10. Qc2 Bd6 11. e4 dxe4 12. Nxe4 Nxe4 13. dxe4 Qc7 14. Rad1 Rad8 15. Nd4 Bc5 16. Kh1 e5 17. Nf3 Rfe8 18. a3 a5 19. Qc3 Bf8 20. Rd3 f6 21. Qc2 Nc5 1/2-1/2

[Event "Aurora Fall op"]
[Site "Aurora "]
[Date "2015.10.03"]
[Round "2.7"]
[White "Lei, Sean"]
[Black "Issani, Nameer"]
[Result "1-0"]
[WhiteElo "2232"]
[BlackElo "2025"]
[PlyCount "119"]
[EventDate "2015.10.03"]
[EventType "swiss"]
[EventRounds "5"]
[EventCountry "CAN"]
[SourceTitle "EXT 2019"]
[Source "ChessBase"]
[SourceDate "2018.10.10"]
[SourceVersion "1"]
[SourceVersionDate "2018.10.10"]
[SourceQuality "1"]

1. e4 e5 2. Nf3 Nc6 3. d4 exd4 4. Bc4 Bc5 5. c3 Nf6 6. e5 d5 7. Bb5 Ne4 8. cxd4 Bb6 9. Nc3 0-0 10. 0-0 Nxc3 11. bxc3 f6 12. Ba3 Re8 13. exf6 Qxf6 14. Qb3 Be6 15. Ne5 Na5 16. Qc2 Bf5 17. Qd2 c6 18. Be2 c5 19. Bf3 Rad8 20. Rfe1 cxd4 21. cxd4 Nc6 22. Bb2 Bc7 23. Nxc6 bxc6 24. Re2 g5 25. Rae1 Rxe2 26. Qxe2 g4 27. Bxg4 Qh4 28. h3 Bxg4 29. Qxg4+ Qxg4 30. hxg4 Kf7 31. Ba3 Bd6 32. Re3 Bxa3 33. Rxa3 Rd7 34. f4 Kf6 35. Kf2 Re7 36. Kf3 Kg6 37. Ra6 Rc7 38. g5 h6 39. gxh6 Kxh6 40. g4 Kg6 41. Ke3 Kg7 42. f5 Re7+ 43. Kf3 Re4 44. Rxa7+ Kf6 45. Ra6 Kg5 46. Rxc6 Rf4+ 47. Ke3 Re4+ 48. Kd3 Kxg4 49. Rd6 Re7 50. Rxd5 Ra7 51. Ke4 Rxa2 52. Ke5 Kg5 53. Ke6 Ra6+ 54. Rd6 Ra1 55. f6 Kg6 56. Ke7 Ra7+ 57. Rd7 Ra1 58. f7 Re1+ 59. Kf8 Re6 60. Kg8 1-0

[Event "Aurora Spring op"]
[Site "Aurora "]
[Date "2015.03.15"]
[Round "5.9"]
[White "Yu, Wenlu"]
[Black "Lei, Sean"]
[Result "1/2-1/2"]
[WhiteElo "1891"]
[BlackElo "1840"]
[PlyCount "39"]
[EventDate "2015.03.14"]
[EventType "swiss"]
[EventRounds "5"]
[EventCountry "CAN"]
[SourceTitle "EXT 2019"]
[Source "ChessBase"]
[SourceDate "2018.10.10"]
[SourceVersion "1"]
[SourceVersionDate "2018.10.10"]
[SourceQuality "1"]

1. Nf3 Nf6 2. b3 d5 3. Bb2 b6 4. g3 Bb7 5. Bg2 g6 6. 0-0 Bg7 7. d3 0-0 8. Nbd2 Nbd7 9. Re1 Re8 10. e4 dxe4 11. Ng5 Rb8 12. d4 e5 13. Ngxe4 exd4 14. Bxd4 Nxe4 15. Nxe4 Ne5 16. Bxe5 Bxe5 17. Qxd8 Rbxd8 18. Rad1 Bxe4 19. Rxd8 Rxd8 20. Bxe4 1/2-1/2

[Event "Toronto op U2200"]
[Site "Toronto"]
[Date "2014.04.20"]
[Round "5"]
[White "Lei, Sean"]
[Black "Zhao, Yuetong Davy"]
[Result "1-0"]
[WhiteElo "1961"]
[BlackElo "2033"]
[PlyCount "63"]
[EventDate "2014.04.18"]
[EventType "swiss"]
[EventRounds "6"]
[EventCountry "CAN"]
[SourceTitle "EXT 2022"]
[Source "ChessBase"]
[SourceDate "2021.10.06"]
[SourceVersion "1"]
[SourceVersionDate "2021.10.06"]
[SourceQuality "1"]

1. d4 Nf6 2. Nf3 g6 3. e3 Bg7 4. c4 d5 5. Nc3 0-0 6. Bd2 c5 7. Qb3 cxd4 8. Nxd4 e5 9. Nf3 d4 10. Nd5 Nc6 11. Be2 Re8 12. Nxf6+ Bxf6 13. e4 Qc7 14. 0-0 Bg7 15. Rac1 h6 16. Ne1 f5 17. f3 f4 18. c5+ Be6 19. Bc4 Qf7 20. Nd3 a5 21. Qa4 g5 22. b3 h5 23. Bb5 Qc7 24. Nb2 g4 25. Nc4 g3 26. Nb6 Qe7 27. Bc4 Ra6 28. Bxa6 Qh4 29. h3 Bxh3 30. gxh3 Qxh3 31. Qc4+ Re6 32. Qxe6+ 1-0

[Event "Toronto op U2200"]
[Site "Toronto"]
[Date "2014.04.18"]
[Round "2"]
[White "Wiebe, Daniel"]
[Black "Lei, Sean"]
[Result "1-0"]
[WhiteElo "2094"]
[BlackElo "1961"]
[PlyCount "33"]
[EventDate "2014.04.18"]
[EventType "swiss"]
[EventRounds "6"]
[EventCountry "CAN"]
[SourceTitle "EXT 2022"]
[Source "ChessBase"]
[SourceDate "2021.10.06"]
[SourceVersion "1"]
[SourceVersionDate "2021.10.06"]
[SourceQuality "1"]

1. e4 e5 2. Nf3 Nf6 3. Nxe5 d6 4. Nf3 Nxe4 5. Nc3 Nxc3 6. dxc3 Be7 7. Bd3 Nc6 8. Be3 Ne5 9. Nxe5 dxe5 10. Qh5 Bf6 11. 0-0-0 Qe7 12. f4 e4 13. Bc5 Qe6 14. Bxe4 g6 15. Qf3 Bd7 16. Bxb7 Qxa2 17. Rhe1+ 1-0

[Event "Toronto NAYCC U14"]
[Site "Toronto"]
[Date "2013.08.17"]
[Round "6"]
[White "Lei, Sean"]
[Black "Aghamalian, Derick"]
[Result "0-1"]
[WhiteElo "1310"]
[BlackElo "1722"]
[PlyCount "198"]
[EventDate "2013.08.14"]
[EventType "swiss"]
[EventRounds "9"]
[EventCountry "CAN"]
[SourceTitle "EXT 2022"]
[Source "ChessBase"]
[SourceDate "2021.10.06"]
[SourceVersion "1"]
[SourceVersionDate "2021.10.06"]
[SourceQuality "1"]

1. e4 c5 2. Nf3 d6 3. c3 Nf6 4. Be2 g6 5. 0-0 Bg7 6. Re1 Nc6 7. d4 0-0 8. d5 Nb8 9. Bf1 Bg4 10. h3 Bxf3 11. Qxf3 Nbd7 12. Bf4 Nh5 13. Bh2 Ne5 14. Qe3 a6 15. Nd2 b5 16. Be2 Nf6 17. Bxe5 dxe5 18. Nf3 Nd7 19. Qd2 Nb6 20. Rad1 Qd6 21. Qc2 c4 22. b3 Rac8 23. bxc4 Nxc4 24. a4 Rc5 25. axb5 axb5 26. Qb3 Rb8 27. Ra1 Qc7 28. Rec1 Bh6 29. Rc2 f6 30. Bd3 Kh8 31. Qb4 Nd6 32. Raa2 Rc8 33. Ra3 Qb6 34. Rca2 R5c7 35. Ra6 Qc5 36. R2a5 Qxc3 37. Qxc3 Rxc3 38. Bxb5 Rc1+ 39. Kh2 Nxe4 40. Bd7 Bf4+ 41. g3 Bxg3+ 42. Kg2 R8c2 43. Ra2 Rxf2+ 44. Rxf2 Bxf2 45. Ra4 Bd4 46. Nxd4 exd4 47. Rxd4 Nd6 48. Rd2 Kg7 49. Re2 Kf7 50. Be6+ Kf8 51. Rb2 Rc7 52. Kf3 Rb7 53. Ra2 Rb3+ 54. Kg4 f5+ 55. Kg5 Nf7+ 56. Kf4 Rxh3 57. Ra7 Rh4+ 58. Kg3 Rg4+ 59. Kf2 Rf4+ 60. Kg3 Rd4 61. Ra8+ Kg7 62. Re8 f4+ 63. Kf2 Ng5 64. Rxe7+ Kf6 65. Ra7 Nxe6 66. dxe6 Kxe6 67. Rxh7 Rd7 68. Rh8 Kf5 69. Rb8 Kg4 70. Rb2 Rh7 71. Kg1 Rh3 72. Kf1 g5 73. Rb4 Rf3+ 74. Kg2 Rc3 75. Rb2 f3+ 76. Kh2 Rc4 77. Rd2 Re4 78. Kg1 Kg3 79. Rg2+ Kf4 80. Rd2 Re2 81. Rd5 g4 82. Rd4+ Kg3 83. Kf1 Rh2 84. Ke1 f2+ 85. Ke2 Rh1 86. Rxg4+ Kxg4 87. Kxf2 Rh3 88. Ke2 Kf4 89. Kd2 Ke4 90. Kc2 Kd4 91. Kb2 Kc4 92. Ka2 Kb4 93. Kb2 Rh2+ 94. Kc1 Kc3 95. Kd1 Ra2 96. Ke1 Kd3 97. Kf1 Ke3 98. Kg1 Kf3 99. Kh1 Kg3 0-1

[Event "Toronto NAYCC U14"]
[Site "Toronto"]
[Date "2013.08.16"]
[Round "4"]
[White "Yaskolko, Alexander"]
[Black "Lei, Sean"]
[Result "0-1"]
[WhiteElo "1720"]
[BlackElo "1310"]
[PlyCount "76"]
[EventDate "2013.08.14"]
[EventType "swiss"]
[EventRounds "9"]
[EventCountry "CAN"]
[SourceTitle "EXT 2022"]
[Source "ChessBase"]
[SourceDate "2021.10.06"]
[SourceVersion "1"]
[SourceVersionDate "2021.10.06"]
[SourceQuality "1"]

1. e4 c5 2. d4 cxd4 3. c3 Nf6 4. e5 Nd5 5. Nf3 e6 6. cxd4 d6 7. Bb5+ Nc6 8. 0-0 Bd7 9. Qe2 Qc7 10. Bc4 Nb6 11. Bb3 Na5 12. Bc2 Nd5 13. Be4 Nb4 14. a3 Nb3 15. axb4 Nxa1 16. Bd2 Nb3 17. Bc3 a5 18. bxa5 Nxa5 19. Ng5 d5 20. Bxh7 Be7 21. Nxf7 Rxh7 22. Qd3 g6 23. Nd6+ Bxd6 24. exd6 Qxd6 25. Qxg6+ Rf7 26. Bd2 Qf8 27. Bh6 Qh8 28. Nd2 Qh7 29. Qh5 0-0-0 30. Ra1 b6 31. b4 Rh8 32. bxa5 Qxh6 33. Rc1+ Kd8 34. Qe5 bxa5 35. Qd6 Qxd2 36. Rb1 Qxf2+ 37. Kh1 Qf1+ 38. Rxf1 Rxf1# 0-1